| 000 | 00609nam a22001697a 4500 | ||
|---|---|---|---|
| 003 | OSt | ||
| 005 | 20241214102703.0 | ||
| 008 | 241022b |||||||| |||| 00| 0 eng d | ||
| 040 | _c0 | ||
| 082 | _aDPer050 M72 January-March 2018 v. 66 no. 8-10 | ||
| 100 |
_aRoque, Gremicilla Dacones. _eauthor. _963325 |
||
| 245 |
_aLesson plan in English VI (Explicit Instruction) / _cGremicilla Dacones Roque. |
||
| 260 |
_aPhilippines; _bPublishers Association of the Philippines, Inc., _cAugust 2018. |
||
| 300 | _aVolume 66,pages ,110-111. | ||
| 700 |
_aRoque, Gremicilla Dacones. _eauthor. _963324 |
||
| 942 |
_2ddc _cPER |
||
| 999 |
_c22814 _d22814 |
||